Rozpoznaj kluby z Ekstraklasy po ulicy na której mają stadion - Statystyki

Ogólne statystyki
  • Ten quiz został rozwiązany 95 razy
    27 od ostatniego zresetowania
  • Średni wynik to 12 z 18
Statystyki odpowiedzi
Ulica Klub % Poprawnych
ul. Bułgarska 17 Lech Poznań
100%
ul. Łazienkowska 3 Legia Warszawa
100%
Nieciecza 199 Bruk-Bet Termalica Nieciecza
91%
ul. Pokoleń Lechii Gdańsk 1 Lechia Gdańsk
91%
ul. Józefa Kałuży 1 Cracovia
82%
ul. Roosevelta 81 Górnik Zabrze
73%
ul. Nowa Bukowa 1 GKS Katowice
68%
al. Piłsudskiego 138 Widzew Łódź
64%
ul. Olimpijska 5/9 Arka Gdynia
59%
ul. Mieczysława Karłowicza 28 Pogoń Szczecin
59%
ul. Struga 63 Radomiak Radom
59%
ul. Marii Skłodowskiej-Curie 98 Zagłębie Lubin
59%
ul. Słoneczna 1 Jagiellonia Białystok
55%
ul. Stadionowa 1 Motor Lublin
55%
ul. Okrzei 20 Piast Gliwice
55%
ul. Bolesława Limanowskiego 83 Raków Częstochowa
45%
ul. Łukasiewicza 34 Wisła Płock
45%
ul. Ściegiennego 8 Korona Kielce
32%
Nie znaleziono quizów pasujących do podanych kryteriów
Rozkład punktacji
Procent ludzi z każdym wynikiem
Percentyl według liczby udzielonych odpowiedzi
Twoja historia wyników
Nie rozwiązałeś tego quizu od ostatniego zresetowania